Statistics for Star Wars Planets easy

Click here to take the quiz!

General Stats

  • This quiz has been taken 1,048 times
  • The average score is 7 of 15

Answer Stats

HintAnswer% Correct
Snowy planet where Echo Base is located.Hoth
98%
Home of Jabba the Hutt, Luke Skywalker and The Boonta Eve Classic.Tatooine
94%
City planet where the senate and Jedi Temple is based.Coruscant
81%
The planet to be destroyed by the First Death Star.Alderaan
78%
The ocean planet where the Republic cloning facilities are during the clone wars.Kamino
66%
The location of the rebel base in A New Hope.Yavin 4
66%
Home planet of Wookies including Chewbacca and General Tarfuul.Kashyyk
63%
The location of Lando's Gas Mining Colony.Bespin
61%
The desert planet where most of the Trade Federations droid factories are located.Geonosis
56%
Home of many smugglers including Han Solo.Corellia
36%
Ancestral home of the Sith.Korriban
20%
Home planet of the Evocii and the Hutts.Hutta
11%
Ancestral of the Jedi.Tython
11%
The founding planet of the Trade Federation.Cato Nemodia
3%
The home planet of the First Galactic Empire.Dromund Kaas
2%

Score Distribution

Percentile by Number Answered

Percent of People with Each Score

Your Score History

You have not taken this quiz